Normal view
MARC view
- NC MOBEEN IQBAL NC FAHAD BIN NASIR
Entry Personal Name
001 - CONTROL NUMBER
- control field: 71318
003 - CONTROL NUMBER IDENTIFIER
- control field: NUST
005 - DATE AND TIME OF LATEST TRANSACTION
- control field: 20210628204624.0
008 - FIXED-LENGTH DATA ELEMENTS
- fixed length control field: 210628|| aca||aabn | a|a d
040 ## - CATALOGING SOURCE
- Original cataloging agency: NUST
- Transcribing agency: NUST
100 ## - HEADING--PERSONAL NAME
- Personal name: NC MOBEEN IQBAL NC FAHAD BIN NASIR
670 ## - SOURCE DATA FOUND
- Source citation: Work cat.: (NUST): NC MOBEEN IQBAL NC FAHAD BIN NASIR , PR-SOF-1760-LOW COST DIGITAL STEREO VISION CAMERA, 2018
